Cities in Idaho by letter Quiz Stats

 Plays Quiz not verified by Sporcle

Challenge
Share
Tweet
Embed
Score 0/77 Timer 12:00
0 Plays Today
Letter City % Correct
BBoise
100%
NNampa
88.7%
IIdaho Falls
86.8%
PPocatello
84.9%
MMeridian
83%
TTwin Falls
83%
CCaldwell
77.4%
MMoscow
77.4%
CCoeur d'Alene
73.6%
LLewiston
73.6%
RRexburg
73.6%
EEagle
67.9%
PPost Falls
67.9%
MMountain Home
62.3%
SSandpoint
58.5%
AAmmon
52.8%
KKuna
52.8%
HHailey
52.8%
KKetchum
52.8%
WWeiser
52.8%
AAmerican Falls
50.9%
BBlackfoot
50.9%
GGarden City
50.9%
BBurley
49.1%
CChubbuck
47.2%
EEmmett
47.2%
HHayden
45.3%
BBonners Ferry
45.3%
SSalmon
45.3%
GGrangeville
43.4%
MMcCall
43.4%
SSoda Springs
43.4%
SSun Valley
43.4%
BBuhl
41.5%
GGooding
41.5%
KKellogg
41.5%
OOrofino
41.5%
SStar
41.5%
SShoshone
41.5%
Letter City % Correct
DDriggs
39.6%
MMiddleton
39.6%
PPayette
39.6%
AAberdeen
37.7%
BBellevue
35.8%
KKimberly
35.8%
MMontpelier
35.8%
RRupert
35.8%
RRathdrum
35.8%
RRigby
35.8%
SSt. Anthony
35.8%
PParma
34%
AAshton
34%
CChallis
34%
DDalton Gardens
32.1%
PPreston
32.1%
SShelley
32.1%
SSt. Maries
32.1%
VVictor
32.1%
NNew Plymouth
30.2%
UUcon
30.2%
FFruitland
28.3%
HHomedale
28.3%
FFiler
26.4%
HHeyburn
26.4%
IIona
26.4%
LLapwai
26.4%
WWendell
26.4%
GGlenns Ferry
24.5%
MMarsing
22.6%
HHansen
20.8%
MMalad City
18.9%
WWilder
18.9%
KKamiah
18.9%
OOsburn
15.1%
PPriest River
15.1%
PPinehurst
11.3%
SSpirit Lake
11.3%

You're not logged in!

Compare scores with friends on all Sporcle quizzes.
OR
Log In

You Might Also Like...

Show Comments

Extras

Top Quizzes Today


Score Distribution

Your Account Isn't Verified!

In order to create a playlist on Sporcle, you need to verify the email address you used during registration. Go to your Sporcle Settings to finish the process.

Report this User

Report this user for behavior that violates our Community Guidelines.

Details: